| 000 | 01056nam a2200241Ia 4500 | ||
|---|---|---|---|
| 999 |
_c40247 _d40247 |
||
| 001 | 6855 | ||
| 003 | GE_BSU | ||
| 005 | 20230825143337.0 | ||
| 008 | 181216s1974||||ge |||||||||||||| ||geo|| | ||
| 040 | _cGE_BSU | ||
| 041 | _ageo | ||
| 080 | _a94(479.223)39(=353.1) კ-37 | ||
| 100 |
_aკახიძე, ნოდარ _919716 |
||
| 245 |
_aმაჭახლის ხეობა : _bისტორიულ-ეთნოგრაფიული ნარკვევი / _cნოდარ კახიძე ; რედ. მ. გეგეშიძე. |
||
| 264 |
_aბათუმი : _bსაბჭ.აჭარა, _c1974. |
||
| 300 |
_a102 გვ. ; _c22 სმ. |
||
| 653 | _aაჭარის ისტორია | ||
| 653 | _aქართველების ეთნოგრაფია | ||
| 653 | _aაჭარლები | ||
| 653 | _aისტორიულ-ეთნოგრაფიული ნარკვევი | ||
| 700 |
_aგეგეშიძე, მ. _eრედაქტორი _93925 |
||
| 942 |
_cBK _2udc |
||